Quizzes
Events
Quiz Creation
Community
Videos
Private Events
Remove Ads
Sign In
Join for FREE
Feedback
Dark Mode
Quiz Categories
Sports
Geography
Music
Movies
Television
Just For Fun
Miscellaneous
History
Literature
Language
Science
Gaming
Entertainment
Religion
Holiday
For Kids
Quiz Lab
Recent
Popular Today
Quiz Kudos Today
Editor Picks
Curator Picks
Quizzes by...
Day
Popularity
Type
Ratings
Length
Year
Community
Subscriptions
Recent Discussions
Orange Saloon
Badges
Playlists
Quests
Create
Leaderboards
Showdown
Live 5
Trivia Bingo
Activity
Puzzle Library
Sporcle Events
Private Events
Virtual Trivia
Globe League
Become a Host
Pub Owners
SporcleCon
Opinionation
Our Games
Videos
Blog
Mobile Apps
Partnerships
Remove Ads and Go Orange
Feedback
Sports
Athletes
MLB
NBA
NHL
NFL
Soccer
Sports Teams
WWE
NCAA
Football
Premier League
Basketball
Baseball
Hockey
Golf
Tennis
Cricket
Rugby
Auto Racing
Olympics
World Cup
Sports
Athletes
MLB
NBA
NHL
NFL
Soccer
Sports Teams
WWE
NCAA
Football
Premier League
Basketball
Baseball
Hockey
Golf
Tennis
Cricket
Rugby
Auto Racing
Olympics
World Cup
Random Quiz
Search Sporcle
×
Quiz Lab
Quiz Lab
Sports
Baseball
Type in answers that appear in a list
Type in answers that appear in a list
Classic
Best Score? Go Orange.
Ultimate MLB Names II Stats
Can you name the Ultimate MLB Names II?
By
billwill11
12m
30 Questions
50 Plays
50 Plays
50 Plays
Comments
Comments
Give Quiz Kudos
Give Quiz Kudos
-
- Ratings
hide this ad
More Info
Forced Order
Answers have to be entered in order
Answers have to be entered in order
Replay
Link that replays current quiz
Next Quiz
Link to next quiz in quiz playlist
You Got
0%
They Got
Avg Score
45%
Avg Friend Score
Upgrade to see
Score Distribution
Jump to the score distribution portion of the page
Score
0/30
Timer
12:00
0
Plays Today
Description
Player
% Correct
Phillies exciting shortstop
Jimmy Rollins
92%
Royals newly acquried pitcher
James Shields
76%
Discount pitcher on the Chi Sox
Chris Sale
72%
Speedy centre fielder in DC
Denard Span
66%
He's golden in Arizona
Paul Goldschmidt
64%
Revived first baseman with the Yanks
Lyle Overbay
62%
Veteran outfielder with 20+ homers in Seattle
Raul Ibanez
60%
The king of rock and roll in the Texas infield
Elvis Andrus
60%
Veteran second baseman in L.A.
Mark Ellis
58%
Reliever in Denver. He's not in, but...
Josh Outman
56%
The other TR last name with the Halo's
Mark Trumbo
54%
A handsome Dodger outfielder
Andre Ethier
52%
All-
Star snub in Oakland, not Yoenis
Josh Donaldson
46%
He is a junior with the Mets
Eric Young
44%
Rangers reliever, rhymes with 'peppers'
Tanner Scheppers
44%
Description
Player
% Correct
Red Sox surprising left fielder
Daniel Nava
42%
Mullet in Milwaukee has been struggling
John Axford
42%
Burly first baseman in Boston
Mike Napoli
40%
Newly acquired Dodger pitcher
Ricky Nolasco
38%
The only Marcell in the league
Marcell Ozuna
38%
Hot start for White Sox right fielder
Alex Rios
38%
Longest last name currently (spell it out)
Jarrod Saltalamacchia
36%
Peralta and this Tiger work the double plays
Omar Infante
34%
Reliever in Detroit with 12 letter last name
Al Alburquerque
32%
Took over Choo's spot with the Tribe
Drew Stubbs
32%
Most talked about rookie in Seattle
Mike Zunino
26%
Rockies Dominican pitcher
Juan Nicasio
18%
Rookie righty involved in Shields trade
Jake Odorizzi
18%
Padre rookie pitcher
Robbie Erlin
8%
Current FA played with Miami in June 2013
Miguel Olivo
6%
Quiz Playlist
Details
Report
Send in Message
Add To Playlist
More Info:
The last letter of the last name will be the starting letter of the next player's last name. Ex. (JoneS)(SmitH)(Harris)etc.
Classic:
Type in answers that appear in a list
Forced Order:
Answers have to be entered in order
Last Updated: Feb 16, 2017
Quiz Scoreboard
CHALLENGE
Sign Up to Join the Scoreboard
Show All
Scores
Hide
Comments
May contain spoilers
Recently Published
Pick 6: Fruits
by JohnFran
Miscellaneous
15s
Click the 1999 NBA Draft
by nibperrychub
Sports
2m
Alphabetical 'K' Countries by Flag Minefield
by ylime102
Geography
3m
More to Explore
Quiz From the Vault
Featured Blog Post
15 Basketball Trivia Facts You Can Be March Mad About
hide this ad
You Might Also Like...
Tags
Baseball Quiz
MLB Quiz
2013
Last Names
MLB Player
name
Today's Top Quizzes in Sports
Browse Sports
hide this ad
Today's Top Quizzes in Baseball
Browse Baseball
Top Contributed Quizzes in Sports
1
Don't Strike Out: 3000 Strikeouts
2
MLB 2 truths and a lie: Hall of Fame pitchers
3
Pick 6: NFL Teams
4
Criteria MLB: Left Handed Sluggers
5
MLB Players with Two .350 Batting Average Seasons
6
2022 World Cup Stars
7
Les joueurs à 100 buts en Ligue 1 Uber Eats
8
Millionaire: NBA Finals Edition
9
Pick 6: Minor League Baseball
10
Last 10 Members of the 500 HR Club in Order
Explore More
Trending Topics
Anime
Kpop
Marvel
Crossword
Disney
NBA
Harry Potter
Song
The Office
WWE
Puzzle
Country
Soccer
NFL
Pokémon
hide this ad
More By:
billwill11
Quiz
Plays
Rating
Category
Featured
Created
MLB 300 HR Club Misspelled Names
4,376
2.80
Sports
Aug 27, 2013
Captials of the World Misspelled
1,959
4.71
Geography
May 15, 2014
Every MLB Team to Exist (Slideshow)
1,869
2.55
Sports
Aug 19, 2013
Modern Family Theme Song
1,812
3.00
Television
Dec 9, 2013
NHL Top 5 Points Per Team 17/18
1,680
4.83
Sports
Apr 9, 2018
Go to Creator's Profile
Score Distribution
Quiz Creator Spotlight
billwill11
Follow
Send a Message
Quizzes Created
-
Created Quiz Play Count
-
More By This Creator
Popular Quizzes Today
1
Find the US States - No Outlines Minefield
2
Countries of Asia Without Outlines Minefield
3
Pick 6: Fruits
4
The Countries of the World
5
Alphabetical 'K' Countries by Flag Minefield
6
Click the 1999 NBA Draft
7
Find the US States
8
Match the Book to the Film X
More Sports Quizzes
Soccer Passports XXXIII
Quiz Lab
Trending Quizzes
Pick 6: Harry Potter
Pick 6: Mountains
Pick 6: NFL Teams
Pick 6: Movie Franchises
Pick 6: Golfers
Recently Updated
Women's Final Four Teams by Year
bhenderson79
Presidents Quartet II
eogle
Anything But Clue(do)
eogle
Anything But Oceanian Capitals
eogle
Anything But 7
eogle
Anything But Thing
eogle
Word Ladder: February 29
pecheneg
Song Title Questions
pecheneg
Women's NCAA Tournament #1 Seeds
pecheneg
Celebrity Mug Shots
pecheneg
Trending Topics
NBA
Crossword
Disney
Marvel
Kpop
Anime
Harry Potter
NFL
Puzzle
Soccer
WWE
Pokémon
Country
The Office
Song
Your Account Isn't Verified!
In order to create a playlist on Sporcle, you need to verify the email address you used during registration. Go to your
Sporcle Settings
to finish the process.
Report this User
Report this user for behavior that violates our
Community Guidelines
.
Details:
Send Report
Go to the Sporcle.com Mobile Site →
Comments